Zakladanie stavieb : Podklady k navrhovaniu,plošné a hĺbkové základy
Salvato in:
| Autori principali: | , , |
|---|---|
| Natura: | Libro |
| Lingua: | slovacco |
| Pubblicazione: |
Bratislava :
STU v Bratislave,
2011
|
| Edizione: | 1.vyd. |
| Soggetti: | |
| Tags: |
Nessun Tag, puoi essere il primo ad aggiungerne!!
|
MARC
| LEADER | 00000nam a22000003a 4500 | ||
|---|---|---|---|
| 001 | stu241158 | ||
| 005 | 20240112140514.1 | ||
| 008 | 120102s2011----xo------------------slo-d | ||
| 020 | |a 978-80-227-3622-0 | ||
| 040 | |a STU |b slo | ||
| 041 | 0 | |a slo | |
| 044 | |a xo | ||
| 080 | |a 624.15(075.8) |7 stu_us_auth*stu4092 | ||
| 100 | 1 | |a Frankovská, Jana, |d 1963- |4 aut |u V150 |9 40 |U SvF Stavebná fakulta |T SvF Katedra geotechniky |X 3849 |U V150 |Y 15 |7 A000003849 | |
| 242 | 0 | 0 | |a Foundations.Geotechnical parameters,spread and deep foundation |y eng |
| 245 | 1 | |a Zakladanie stavieb : |b Podklady k navrhovaniu,plošné a hĺbkové základy | |
| 250 | |a 1.vyd. | ||
| 260 | |a Bratislava : |b STU v Bratislave, |c 2011 | ||
| 300 | |a 162 s | ||
| 650 | 7 | |a geotechnical investigation |2 estusub | |
| 650 | 7 | |a geotechnical parameters |2 estusub | |
| 650 | 7 | |a geotechnical engineering |2 estusub | |
| 650 | 7 | |a foundation |2 estusub | |
| 650 | 7 | |a geotechnické konštrukcie |2 stusub | |
| 650 | 7 | |a geotechnické kategórie |2 stusub | |
| 650 | 7 | |a zakladanie stavieb |2 stusub | |
| 650 | 7 | |a geotechnický prieskum |2 stusub | |
| 700 | 1 | |a Súľovská, Monika, |d 1968- |4 aut |u V150 |9 35 |U SvF Stavebná fakulta |T SvF Katedra geotechniky |X 700 |U V150 |Y 15 |7 A000000700 | |
| 700 | 1 | |a Turček, Peter, |d 1947- |4 aut |u V150 |9 25 |U SvF Stavebná fakulta |T SvF Katedra geotechniky |X 661 |U V150 |Y 15 |7 A000000661 | |
| 996 | |b 284V031673 |c V*42777/S-11 |l VVS |s A |a 24 |w stu241158_0001 | ||
| 996 | |b 284V031672 |c V*42776/S-11 |l VVS |s A |a 24 |w stu241158_0002 | ||
| 996 | |b 284V031671 |c V*42775/S-11 |l VVS |s A |a 24 |w stu241158_0003 | ||
| 996 | |b 284V031670 |c V*42774/S-11 |l VVS |s A |a 24 |w stu241158_0004 | ||
| 996 | |b 284V031903 |c V*42900/S-12 |l VVS |s A |a 24 |w stu241158_0006 | ||
| 996 | |b 284V031904 |c V*42899/S-12 |l VVS |s A |a 24 |w stu241158_0007 | ||
| 996 | |b 284V031905 |c V*42898/S-12 |l VVS |s A |a 24 |w stu241158_0008 | ||
| 996 | |b 284V031906 |c V*42897/S-12 |l VVS |s A |a 24 |w stu241158_0009 | ||
| 996 | |b 284V031907 |c V*42896/S-12 |l VVS |s A |a 24 |w stu241158_0010 | ||
| 996 | |b 284V031910 |c V*42893/S-12 |l VVS |s A |a 24 |w stu241158_0013 | ||
| 996 | |b 284V031911 |c V*42892/S-12 |l VVS |s A |a 24 |w stu241158_0014 | ||
| 996 | |b 284V031912 |c V*42891/S-12 |l VVS |s A |a 24 |w stu241158_0015 | ||
| 996 | |b 284V034936 |c V*43139/S-12 |l VVS |s A |a 24 |w stu241158_0016 | ||
| 996 | |b 284V036389 |c V* 43453/S-16 |l VVS |s A |a 24 |w stu241158_0019 | ||
| 996 | |b 284V040993 |c V* 43739/S-18 |l VVS |s A |a 24 |w stu241158_0020 | ||